<?xml version="1.0" encoding="UTF-8"?><?xml-stylesheet type="text/xsl" href="static/style.xsl"?><OAI-PMH xmlns="http://www.openarchives.org/OAI/2.0/" xmlns:xsi="http://www.w3.org/2001/XMLSchema-instance" xsi:schemaLocation="http://www.openarchives.org/OAI/2.0/ http://www.openarchives.org/OAI/2.0/OAI-PMH.xsd"><responseDate>2026-04-13T01:58:07Z</responseDate><request verb="GetRecord" identifier="oai:www.recercat.cat:2445/176277" metadataPrefix="marc">https://recercat.cat/oai/request</request><GetRecord><record><header><identifier>oai:recercat.cat:2445/176277</identifier><datestamp>2025-12-05T10:25:04Z</datestamp><setSpec>com_2072_1057</setSpec><setSpec>col_2072_478917</setSpec><setSpec>col_2072_478927</setSpec></header><metadata><record xmlns="http://www.loc.gov/MARC21/slim" xmlns:dcterms="http://purl.org/dc/terms/" xmlns:xsi="http://www.w3.org/2001/XMLSchema-instance" xmlns:doc="http://www.lyncode.com/xoai" xsi:schemaLocation="http://www.loc.gov/MARC21/slim http://www.loc.gov/standards/marcxml/schema/MARC21slim.xsd">
   <leader>00925njm 22002777a 4500</leader>
   <datafield ind2=" " ind1=" " tag="042">
      <subfield code="a">dc</subfield>
   </datafield>
   <datafield ind2=" " ind1=" " tag="720">
      <subfield code="a">Velasco Ortega, Eugenio</subfield>
      <subfield code="e">author</subfield>
   </datafield>
   <datafield ind2=" " ind1=" " tag="720">
      <subfield code="a">Jiménez Guerra, Álvaro</subfield>
      <subfield code="e">author</subfield>
   </datafield>
   <datafield ind2=" " ind1=" " tag="720">
      <subfield code="a">Monsalve Guil, Loreto</subfield>
      <subfield code="e">author</subfield>
   </datafield>
   <datafield ind2=" " ind1=" " tag="720">
      <subfield code="a">Ortíz García, Iván</subfield>
      <subfield code="e">author</subfield>
   </datafield>
   <datafield ind2=" " ind1=" " tag="720">
      <subfield code="a">Nicolás Silvente, Ana I.</subfield>
      <subfield code="e">author</subfield>
   </datafield>
   <datafield ind2=" " ind1=" " tag="720">
      <subfield code="a">Segura Egea, Juan José</subfield>
      <subfield code="e">author</subfield>
   </datafield>
   <datafield ind2=" " ind1=" " tag="720">
      <subfield code="a">López López, José, 1958-</subfield>
      <subfield code="e">author</subfield>
   </datafield>
   <datafield ind2=" " ind1=" " tag="260">
      <subfield code="c">2021-04-13T13:26:55Z</subfield>
   </datafield>
   <datafield ind2=" " ind1=" " tag="260">
      <subfield code="c">2021-04-13T13:26:55Z</subfield>
   </datafield>
   <datafield ind2=" " ind1=" " tag="260">
      <subfield code="c">2020-03-27</subfield>
   </datafield>
   <datafield ind2=" " ind1=" " tag="260">
      <subfield code="c">2021-04-13T13:26:56Z</subfield>
   </datafield>
   <datafield ind2=" " ind1=" " tag="520">
      <subfield code="a">Implant dentistry constitutes a therapeutic modality in the prosthodontic treatment of partially and totally edentulous patients. This study reports a long-term evaluation of treatment by the early loading of acid-etched surface implants. Forty-eight partially and totally edentulous patients were treated with 169 TSA Defcon® acid-etched surface implants for prosthodontic rehabilitation. Implants were loaded after a healing free-loading period of 6-8 weeks in mandible and maxilla, respectively. Implant and prosthodontic clinical findings were followed during at least 17 years. Clinical results indicate a survival and success rate of implants of 92.9%, demonstrating that acid-etched surface achieves and maintains successful osseointegration. Five implants in three patients were lost during the healing period. Sixty-five prostheses were placed in 45 patients over the remaining 164 implants, 30 single crowns, 21 partially fixed bridges, 9 overdentures, and 5 full-arch fixed rehabilitations. A total of 12 implants were lost during the follow-up period. Mean marginal bone loss was 1.91 ± 1.24 mm, ranging from 1.1 to 3.6 mm. The most frequent complication was prosthetic technical complications (14.2%), followed by peri-implantitis (10.6%). The mean follow-up was of 214.4 months (208-228 months). Prosthodontic rehabilitation with an early-loading protocol over acid-etched surface implants is a successful implant treatment.</subfield>
   </datafield>
   <datafield tag="653" ind2=" " ind1=" ">
      <subfield code="a">Implants dentals</subfield>
   </datafield>
   <datafield tag="653" ind2=" " ind1=" ">
      <subfield code="a">Cirurgia maxil·lofacial</subfield>
   </datafield>
   <datafield tag="653" ind2=" " ind1=" ">
      <subfield code="a">Dental implants</subfield>
   </datafield>
   <datafield tag="653" ind2=" " ind1=" ">
      <subfield code="a">Maxillofacial surgery</subfield>
   </datafield>
   <datafield ind2="0" ind1="0" tag="245">
      <subfield code="a">Long-Term Clinical Outcomes of Treatment with Dental Implants with Acid Etched Surface</subfield>
   </datafield>
</record></metadata></record></GetRecord></OAI-PMH>